QUALITY CONTROL OF HERBAL DRUGS: (Record no. 7461)

MARC details
000 -LEADER
fixed length control field 00448nam a22001577a 4500
005 - DATE AND TIME OF LATEST TRANSACTION
control field 20210219145857.0
008 - FIXED-LENGTH DATA ELEMENTS--GENERAL INFORMATION
fixed length control field 210219b ||||| |||| 00| 0 eng d
020 ## - INTERNATIONAL STANDARD BOOK NUMBER
ISBN 978-81-900-78849
041 ## - LANGUAGE CODE
Language code of text/sound track or separate title eng
100 ## - MAIN ENTRY--AUTHOR NAME
Personal name MUKHERJEE, DR. PULOK K
245 ## - TITLE STATEMENT
Title QUALITY CONTROL OF HERBAL DRUGS:
Remainder of title an approach to evaluation of botanicals
260 ## - PUBLICATION, DISTRIBUTION, ETC. (IMPRINT)
Place of publication NEW DELHI
Name of publisher BUSINESS HORIZONES
Year of publication 2002
300 ## - PHYSICAL DESCRIPTION
Number of Pages 800,p
650 ## - SUBJECT ADDED ENTRY--TOPICAL TERM
Topical Term PHARMACY
942 ## - ADDED ENTRY ELEMENTS (KOHA)
Koha item type Books
Holdings
Lost status Damaged status Collection code Home library Current library Shelving location Date acquired Source of acquisition Cost, normal purchase price Accession Number Koha item type
    Reference JRU Library JRU Library SHELF-3-A 19/02/2021 PURCHES / LBI - 1710 / 11-2-21 4800.00 25582 Books